| 000 | 00385cam a2200145ua 4500 | ||
|---|---|---|---|
| 041 |
_aeng _h |
||
| 082 |
_a631.42 _bROD/SY |
||
| 100 | _aRode, A A . | ||
| 245 |
_aSystem of research methods in soil science / _cA A Rode. _hTextual Documents |
||
| 260 |
_aNew Delhi : _bAmerind Publishing Co Pvt Ltd , _c1974. |
||
| 300 | _a79 ; . | ||
| 504 | _a | ||
| 942 | _cBK | ||
| 999 |
_c10746 _d10746 |
||